| 000 | 00561cam a22002051 4500 | ||
|---|---|---|---|
| 001 | af 47004468 | ||
| 003 | DLC | ||
| 005 | 20260227110826.0 | ||
| 008 | 890424s1945 be a 000 1 dut c | ||
| 010 | _aaf 47004468 | ||
| 035 | _a(OCoLC)19591975 | ||
| 040 |
_aNew York. Public Library _cCU _dCU _dDLC |
||
| 042 | _apremarc | ||
| 050 | 0 | 0 |
_aPT6460.W3 _bG6 |
| 100 | 1 |
_aWalschap, Gerard, _d1898- |
|
| 245 | 1 | 3 | _aDe goede smokkelaar. |
| 260 |
_a[Antwerpen, _bDe Pen, _c1945] |
||
| 300 |
_a1 p. l., [5]-75 p., 1 l. _billus. _c24 x 18 cm. |
||
| 440 | 0 |
_aHellas, _vboek 1 |
|
| 999 |
_c2658 _d2658 |
||